1744 1204 1966 1887 1193 1316 1330 1301 1109 1274 1380 1673 1959 1266 1919 1380 1016 1022 1716 1461 1623 1479 1903 1774 1849 1492 1330 1490 1209 1011 1379 1790 1977 1377 1723 1600 1615 1297 1860 1530 1119 1937 1186 1738 1184 1523 1141 1960 1125 1810 1175 1192 1489 1308 1562 1056 1860 1130 1421 1441 1618 1169 1276 1877 1466 1249 1094 1432 1933 1932 1579 1174 1982 1484 1173 1007 1889 1550 1305 1567 1111 1412 1258 1790 1584 1685 1710 1601 1164 1094 1009 1128 1278 1064 1104 1355 1448 1421 1611 BCNSPRNW ULIB Ver.6.0+V

เปลี่ยนเป็นภาษาไทย

Change to English
 แสดงรายละเอียดบรรณานุกรม
  กลับหน้าหลัก

Brief Record : Get Marc (ISO 2709) : E-mail record : QR code < ปิดหน้าต่าง
LEADER : 00000nam 2200000uu 4500
001    13399111744
003     ULIB
008    110707s2549||||th 000 0 tha d
020    9749181387
050  4 DS567^bF111ล 2549
245 00 โลกยุคโบราณ =^bAncient world /^cลอองทิพย์ อัมรินทร์รัตน์, แปล
246 31 Ancient world
250    พิมพ์ครั้งที่ 2
260    กรุงเทพฯ :^bปาเจรา,^c2549
300    96 หน้า :^bภาพประกอบ
650  4 โลกยุคโบราณ
650  4 ประวัติศาสตร์โลกสมัยโบราณ
650  4 ประวัติศาสตร์โลก
700 0  ลอองทิพย์ อัมรินทร์รัตน์
945    ^p450^l0^i024535
995    ทศพร
999 ^a ใช้งานได้ทุกระบบ
รายการนี้ยังไม่มีแท็ก
คุณยังไม่ได้ล็อกอิน คุณสามารถมีกิจกรรมร่วมกับเว็บไซต์ได้ แต่ต้องล็อกอินก่อน ::
  ล็อกอิน

รายการสื่อสารสนเทศ

ลำดับที่ ประเภท เลขเรียก/บาร์โค้ด สถานที่ สถานะ
- ไม่พบข้อมูล -

รายการใกล้เคียง
    หัวเรื่อง [ประวัติศาสตร์โลก]

BibComment


ยังไม่เคยถูกคอมเมนท์

คอมเมนท์ทรัพยากรรายการนี้
  คอมเมนท์: โลกยุคโบราณ Anci..


 Copyright 2026. Bcnsprnw @Library